| 000 | 00636 a2200181 4500 | ||
|---|---|---|---|
| 003 | NUST | ||
| 005 | 20221214174813.0 | ||
| 040 | _cNust | ||
| 082 | _a320,GAT | ||
| 100 |
_aGathorne hardy G.M _9104889 |
||
| 245 |
_aA short history of international affairs 1920 to 1939 / _cG.M. Gathorne-Hardy |
||
| 260 |
_aLondon _bOxford university _c1942 |
||
| 300 | _axi,514 p.: | ||
| 505 | _aThe Period of Settlement, 1920-1925 (Page-1), the Period of Fulfilment, 1925-1930 (Page-137), The Period of Collapse 1930-1939 (Page-247). | ||
| 600 |
_aG.M Gathorne hardy _9104890 |
||
| 650 |
_aInternational Affairs _9104891 |
||
| 942 |
_2ddc _cBK _k320,GAT |
||
| 999 |
_c185414 _d185414 |
||